Geografía económica de Chile. Primer apéndice

Saved in:
Bibliographic Details
Format: Book
Language:Spanish
Published: Santiago CORFO 1966
Subjects:
Tags: Add Tag
No Tags, Be the first to tag this record!

MARC

LEADER 00000nam a2200000 a 4500
001 UCV9193
003 CL-VaPUC
008 920707e19660000CL |||||||||||||||||spa|d
082 0 4 |a 910.133  |b GEO  |2 21 
245 1 0 |a Geografía económica de Chile. Primer apéndice 
300 |a 369 p 
942 |c BK 
945 |d 19920707 00:00:00 
260 |a Santiago  |b CORFO  |c 1966 
650 0 |a Geografía  |9 259346 
650 0 |a Geografía económica   |9 267757 
650 0 |a Condiciones económicas  |9 258255 
651 7 |a CHILE  |2 CL-VaPUC  |9 303195 
583 |a last modification  |c 20180314 14:49:07  |k Rodrigo Vera 
999 |c 214568  |d 214566 
952 |0 0  |1 0  |4 0  |6 910_133000000000000_GEO_1966  |7 0  |8 P  |9 198087  |a BIBDER  |b BIBDER  |d 2019-11-14  |i 1821830  |o 910.133 GEO 1966  |p 1821830  |r 2023-01-25  |w 2019-11-14  |y BK  |k DER